Natural rubber biosynthesis in plants, the rubber transferase complex, and metabolic engineering progress and prospects (Record no. 63497)

MARC details
000 -LEADER
fixed length control field 00795nam a2200253Ia 4500
100 ## - MAIN ENTRY--AUTHOR NAME
Personal name Cherian S
245 #0 - TITLE STATEMENT
Title Natural rubber biosynthesis in plants, the rubber transferase complex, and metabolic engineering progress and prospects
260 ## - PUBLICATION, DISTRIBUTION, ETC. (IMPRINT)
Name of publisher Plant Biotechnology Journal, 2019. pp. 1-21. doi:10.1111/pbi.13181
650 ## - SUBJECT ADDED ENTRY--TOPICAL TERM
Topical Term Allylic pyrophosphate
650 ## - SUBJECT ADDED ENTRY--TOPICAL TERM
Topical Term cis-prenyl transferase
650 ## - SUBJECT ADDED ENTRY--TOPICAL TERM
Topical Term Guayule
650 ## - SUBJECT ADDED ENTRY--TOPICAL TERM
Topical Term Hevea brasiliensis
650 ## - SUBJECT ADDED ENTRY--TOPICAL TERM
Topical Term Isopentenyl pyrophosphate
650 ## - SUBJECT ADDED ENTRY--TOPICAL TERM
Topical Term Natural rubber
650 ## - SUBJECT ADDED ENTRY--TOPICAL TERM
Topical Term Parthenium argentatum
650 ## - SUBJECT ADDED ENTRY--TOPICAL TERM
Topical Term Rubber dandelion
650 ## - SUBJECT ADDED ENTRY--TOPICAL TERM
Topical Term Rubber transferase
650 ## - SUBJECT ADDED ENTRY--TOPICAL TERM
Topical Term Taraxacum kok-saghyz
700 ## - ADDED ENTRY--PERSONAL NAME
Personal name Cornish K
700 ## - ADDED ENTRY--PERSONAL NAME
Personal name Ryu S.B
856 ## - ELECTRONIC LOCATION AND ACCESS
Uniform Resource Identifier copy
942 ## - ADDED ENTRY ELEMENTS (KOHA)
Koha item type Journals
Holdings
Withdrawn status Lost status Damaged status Not for loan Home library Current library Shelving location Date acquired Koha item type
      Journals RRII Library RRII Library Biotechnology 17/12/2021 Journals